000 01329 a2200289 4500
003 NUST
005 20221206182523.0
010 _a 2006295279
020 _a0521617650 (pbk.)
020 _a0521852234 (hbk.)
024 3 _a9780521617659 (pbk.)
024 3 _a9780521852234 (hbk.)
035 _a(OCoLC)ocm61702427
040 _cNust
082 0 4 _a297,AKB
100 1 _a Ahmed , Akbar S
_95313
245 1 0 _aLiving Islam :
_b from Samarkand to stornoway /
_cAkbar S. Ahmed
260 _aCambridge, UK ;
_a :
_b Army Educations Press,
_c2005.
300 _axvi, 224 p. :
_bill., maps. ;
_c24 cm.
505 _aIntroduction (Page-11), What Is Islam (Page-21), The Challenge Of Past (Page-57), When Worlds Collide (Page-97), Muslim As Minorities (Page-150), Islam In The Age Of The Western Media (Page-193).
651 0 _aChitr塬 District (Pakistan)
_xReligious life and customs.
_9104294
651 0 _aChitr塬 District (Pakistan)
_xSocial life and customs.
_9104295
856 4 2 _3Contributor biographical information
_uhttp://www.loc.gov/catdir/enhancements/fy0733/2006295279-b.html
856 4 2 _3Publisher description
_uhttp://www.loc.gov/catdir/enhancements/fy0632/2006295279-d.html
856 4 2 _3Table of contents only
_uhttp://www.loc.gov/catdir/enhancements/fy0632/2006295279-t.html
942 _2ddc
_cBK
_k297,AKB
999 _c185053
_d185053